[Event "WYCC 2018 O16"]
[Site "Halkidiki"]
[Date "2018.10.29"]
[Round "10"]
[White "Mis, Mieszko"]
[Black "Triantos, Konstantinos"]
[Result "0-1"]
[WhiteElo "2307"]
[BlackElo "2002"]
[Annotator "NA"]
[PlyCount "124"]
[EventDate "2018.10.20"]
[EventType "swiss"]
[EventCountry "GRE"]
[SourceTitle "playchess.com"]
[Source "ChessBase"]
[SourceQuality "1"]
[TimeControl "40/5400+30:1800+30"]

1. d4 {[%emt 0:00:00]} Nf6 {[%emt 0:00:00]} 2. c4 {[%emt 0:00:00]} e6 {[%emt 0:00:00]} 3. g3 {[%emt 0:00:00]} c5 {[%emt 0:00:00]} 4. d5 {[%emt 0:00:02]} exd5 {[%emt 0:00:00]} 5. cxd5 {[%emt 0:00:04]} d6 {[%emt 0:00:00]} 6. Nc3 {[%emt 0:01:05]} g6 {[%emt 0:00:07]} 7. Bg2 {[%emt 0:00:04]} Bg7 {[%emt 0:00:04]} 8. Nf3 {[%emt 0:00:06]} O-O {[%emt 0:00:07]} 9. O-O {[%emt 0:00:04]} Re8 {[%emt 0:00:09]} 10. Bf4 {[%emt 0:00:48]} Na6 {[%emt 0:01:04]} 11. Re1 {[%emt 0:02:23]} Bf5 {[%emt 0:02:39]} 12. Nd2 {[%emt 0:20:07]} Nh5 {[%emt 0:03:36]} 13. e4 {[%emt 0:01:13]} Nxf4 {[%emt 0:05:10]} 14. gxf4 {[%emt 0:00:11]} Bd7 {[%emt 0:00:42]} 15. Nc4 {[%emt 0:01:00]} Qf6 {[%emt 0:21:13]} 16. Qf3 {[%emt 0:09:33]} Nb4 {[%emt 0:02:54]} 17. Re2 {[%emt 0:08:55]} h5 $11 {[%emt 0:14:11]} 18. h3 {[%emt 0:08:12]} b5 {[%emt 0:03:34]} 19. e5 {[%emt 0:04:32]} dxe5 {[%emt 0:00:13]} 20. Nxe5 {[%emt 0:00:06]} Bf5 {[%emt 0:00:44]} 21. d6 {[%emt 0:10:48]} Qxd6 {[%emt 0:12:25]} 22. Qb7 {[%emt 0:07:50]} Bxe5 {[%emt 0:09:14]} 23. fxe5 {[%emt 0:06:12]} Qe6 {[%emt 0:00:22]} 24. Nd5 {[%emt 0:05:12]} Rab8 {[%emt 0:00:56]} 25. Nf6+ {[%emt 0:00:13]} Kh8 {[%emt 0:00:01]} 26. Qf3 {[%emt 0:00:21]} Red8 {[%emt 0:01:17]} 27. Qf4 {[%emt 0:01:38]} Kg7 {[%emt 0:00:35]} 28. Qg5 {[%emt 0:01:09]} Rh8 {[%emt 0:04:44]} 29. h4 {[%emt 0:01:46]} Nd3 {[%emt 0:05:01]} 30. Bd5 {[%emt 0:00:25]} Nxe5 {[%emt 0:00:02]} 31. Bxe6 {[%emt 0:05:28]} Nf3+ {[%emt 0:00:05]} 32. Kg2 {[%emt 0:00:29]} Nxg5 {[%emt 0:00:04]} 33. Bxf5 {[%emt 0:01:29]} Kxf6 {[%emt 0:00:15]} 34. Bd7 {[%emt 0:01:50]} Ne6 {[%emt 0:01:00]} 35. Bxe6 {[%emt 0:00:08]} Rhe8 {[%emt 0:05:04]} 36. Rc2 {[%emt 0:01:38]} Rxe6 {[%emt 0:00:19]} 37. Rxc5 {[%emt 0:00:03]} Re2 {[%emt 0:01:00]} 38. b4 {[%emt 0:03:17]} Re4 {[%emt 0:00:58]} 39. a4 {[%emt 0:00:32]} Rxh4 {[%emt 0:01:13]} 40. axb5 {[%emt 0:00:00]} Rxb4 {[%emt 0:00:00]} 41. Ra5 {[%emt 0:02:15]} Rb7 {[%emt 0:01:55]} 42. Kg3 {[%emt 0:00:57]} Rb3+ {[%emt 0:03:03]} 43. Kg2 {[%emt 0:00:40]} Kg7 {[%emt 0:01:16]} 44. Kh2 {[%emt 0:00:11]} h4 {[%emt 0:02:03]} 45. Kg2 {[%emt 0:00:42]} Rb6 {[%emt 0:00:54]} 46. Kg1 {[%emt 0:00:54]} h3 {[%emt 0:03:49]} 47. Re5 {[%emt 0:01:12]} Kf6 {[%emt 0:02:50]} 48. Rc5 {[%emt 0:00:11]} Re6 {[%emt 0:07:09]} 49. Rxa7 {[%emt 0:00:38]} Re1+ {[%emt 0:00:07]} 50. Kh2 {[%emt 0:00:09]} Re2 {[%emt 0:00:11]} 51. Kg1 {[%emt 0:01:16]} h2+ {[%emt 0:01:51]} 52. Kxh2 {[%emt 0:00:03]} Rxf2+ {[%emt 0:00:05]} 53. Kg1 {[%emt 0:00:05]} Rd2 {[%emt 0:00:55]} 54. Rc1 {[%emt 0:00:37]} Rg3+ {[%emt 0:03:12]} 55. Kh1 {[%emt 0:00:28]} Rf3 {[%emt 0:08:20]} 56. b6 {[%emt 0:00:52]} Rb2 {[%emt 0:00:46]} 57. Rb7 {[%emt 0:01:56]} Kg5 {[%emt 0:00:30]} 58. Kg1 {[%emt 0:03:33]} Kg4 {[%emt 0:02:36]} 59. Rcc7 {[%emt 0:00:58]} Kh3 {[%emt 0:01:24]} 60. Rc1 {[%emt 0:00:58]} Rg2+ {[%emt 0:00:07]} 61. Kh1 {[%emt 0:00:05]} Rh2+ {[%emt 0:00:46]} 62. Kg1 {[%emt 0:00:05]} Rg3+ {[%emt 0:00:04]} 0-1

[Event "WYCC 2018 O16"]
[Site "Halkidiki"]
[Date "2018.10.29"]
[Round "10"]
[White "Milosevic, Milos"]
[Black "Schitco, Ivan"]
[Result "0-1"]
[WhiteElo "2306"]
[BlackElo "2376"]
[Annotator "NA"]
[PlyCount "70"]
[EventDate "2018.10.20"]
[EventType "swiss"]
[EventCountry "GRE"]
[SourceTitle "playchess.com"]
[Source "ChessBase"]
[SourceQuality "1"]
[TimeControl "40/5400+30:1800+30"]

1. e4 {[%emt 0:00:00]} c6 {[%emt 0:00:00]} 2. d4 {[%emt 0:00:00]} d5 {[%emt 0:00:00]} 3. f3 {[%emt 0:00:12]} Qb6 {[%emt 0:00:19]} 4. a4 {[%emt 0:01:26]} e5 {[%emt 0:00:15]} 5. dxe5 {[%emt 0:02:26]} a5 {[%emt 0:00:17]} 6. exd5 {[%emt 0:01:59]} Bc5 {[%emt 0:00:17]} 7. Nh3 {[%emt 0:01:27]} Bxh3 {[%emt 0:00:31]} 8. gxh3 {[%emt 0:00:04]} Bf2+ {[%emt 0:01:02]} 9. Ke2 {[%emt 0:00:06]} cxd5 {[%emt 0:00:46]} 10. f4 {[%emt 0:42:17]} Ne7 {[%emt 0:12:08]} 11. Bg2 {[%emt 0:02:19]} Nbc6 {[%emt 0:05:12]} 12. Nc3 {[%emt 0:03:38]} Bh4 {[%emt 0:22:05]} (12... Rd8 $17) 13. Qg1 {[%emt 0:04:07]} Nd4+ {[%emt 0:05:13]} 14. Kd1 {[%emt 0:01:19]} Qg6 {[%emt 0:00:48]} 15. Qxd4 {[%emt 0:01:03]} Qxg2 {[%emt 0:00:09]} 16. Qg1 {[%emt 0:00:16]} Qf3+ {[%emt 0:04:01]} 17. Ne2 {[%emt 0:02:22]} d4 {[%emt 0:03:47]} 18. Ra3 {[%emt 0:01:30]} Qe4 {[%emt 0:08:53]} 19. Qf1 {[%emt 0:02:30]} Rc8 {[%emt 0:04:16]} 20. Rd3 {[%emt 0:00:05]} Bf2 {[%emt 0:01:09]} 21. Ng3 {[%emt 0:00:57]} Bxg3 {[%emt 0:01:00]} 22. hxg3 $11 {[%emt 0:00:06]} Nd5 {[%emt 0:05:41]} 23. Rh2 {[%emt 0:05:46]} Nb4 {[%emt 0:05:35]} 24. Qf3 {[%emt 0:01:47]} Qf5 {[%emt 0:00:11]} 25. g4 {[%emt 0:01:43]} Qd7 {[%emt 0:00:38]} 26. Ra3 {[%emt 0:01:18]} O-O {[%emt 0:01:27]} 27. Qe4 {[%emt 0:05:01]} Rc4 {[%emt 0:07:15]} 28. Qf5 {[%emt 0:07:19]} Qc6 {[%emt 0:00:36]} 29. h4 {[%emt 0:03:23]} g6 {[%emt 0:05:05]} 30. Qf6 {[%emt 0:00:12]} Qe4 {[%emt 0:00:11]} 31. h5 {[%emt 0:04:06]} Rxc2 {[%emt 0:00:22]} 32. Bd2 {[%emt 0:02:05]} Rfc8 {[%emt 0:02:05]} 33. hxg6 {[%emt 0:03:08]} Rc1+ {[%emt 0:00:14]} 34. Bxc1 {[%emt 0:00:07]} Rxc1+ {[%emt 0:00:04]} 35. Kxc1 {[%emt 0:00:07]} Qe1# {[%emt 0:00:04]} 0-1

[Event "WYCC 2018 O16"]
[Site "Halkidiki"]
[Date "2018.10.29"]
[Round "10"]
[White "Travadon, Loic"]
[Black "Kalavannan, Koby"]
[Result "1/2-1/2"]
[WhiteElo "2293"]
[BlackElo "2365"]
[Annotator "NA"]
[PlyCount "157"]
[EventDate "2018.10.20"]
[EventType "swiss"]
[EventCountry "GRE"]
[SourceTitle "playchess.com"]
[Source "ChessBase"]
[SourceQuality "1"]
[TimeControl "40/5400+30:1800+30"]

1. d4 {[%emt 0:00:00]} Nf6 {[%emt 0:00:00]} 2. Nf3 {[%emt 0:00:00]} g6 {[%emt 0:00:00]} 3. c4 {[%emt 0:00:00]} Bg7 {[%emt 0:00:00]} 4. Nc3 {[%emt 0:00:00]} d6 {[%emt 0:00:00]} 5. e4 {[%emt 0:00:00]} O-O {[%emt 0:00:06]} 6. h3 {[%emt 0:00:00]} Na6 {[%emt 0:00:20]} 7. Be3 {[%emt 0:00:23]} c5 {[%emt 0:00:23]} 8. d5 {[%emt 0:01:11]} e6 {[%emt 0:00:15]} 9. Bd3 {[%emt 0:01:32]} exd5 {[%emt 0:00:08]} 10. exd5 {[%emt 0:00:08]} Nb4 {[%emt 0:01:33] E90: King's Indian: Classical: Early deviations and 6 h3} (10... Bf5 11. Bxf5 gxf5 12. O-O Ne4 13. Nxe4 fxe4 14. Ng5 Qe7 15. Qb1 Rae8 16. h4 h6 17. Nh3 Qxh4 18. Nf4 {0-1 (39) Postny,E (2658)-Jones,G (2623) Berlin 2015}) 11. Bb1 {[%emt 0:00:16]} b5 {[%emt 0:00:45]} 12. a3 {[%emt 0:04:11]} Qa5 {[%emt 0:01:20]} 13. O-O {[%emt 0:09:19]} bxc4 {[%emt 0:01:34]} 14. Bf4 {[%emt 0:03:46]} Rd8 $146 {[%emt 0:09:57]} ({Predecessor:} 14... Bb7 15. Qd2 Nd3 16. Bxd3 cxd3 17. Bxd6 Rfe8 18. b4 cxb4 19. Bxb4 {1-0 (106) Barbero,G (2440)-Forster,R (2470) Switzerland 1998}) 15. Bxg6 {[%emt 0:20:23]} (15. Re1 $15) 15... hxg6 {[%emt 0:01:13]} 16. axb4 {[%emt 0:00:04]} Qxb4 {[%emt 0:00:28]} 17. Qd2 {[%emt 0:01:13]} Bf5 {[%emt 0:09:17]} 18. Rfe1 {[%emt 0:05:41]} Qb7 {[%emt 0:05:20]} 19. Re3 {[%emt 0:06:15]} Rab8 {[%emt 0:10:10]} 20. g4 {[%emt 0:06:15]} Bd3 $1 {[%emt 0:01:06]} 21. Ne1 {[%emt 0:00:09]} Qxb2 {[%emt 0:16:25]} 22. Qxb2 {[%emt 0:00:06]} Rxb2 {[%emt 0:00:01]} 23. Nxd3 {[%emt 0:03:15]} cxd3 {[%emt 0:00:02]} 24. Rxd3 {[%emt 0:03:15]} Rb3 {[%emt 0:09:43]} 25. Rad1 {[%emt 0:01:51]} Nxg4 {[%emt 0:10:29]} 26. hxg4 {[%emt 0:00:49]} Rxc3 {[%emt 0:00:04]} 27. Rxc3 $19 {[%emt 0:00:08]} Bxc3 {[%emt 0:00:02]} 28. Rd3 {[%emt 0:00:10]} Bd4 {[%emt 0:05:03]} 29. Ra3 {[%emt 0:00:19]} Rd7 {[%emt 0:03:59]} 30. Ra6 {[%emt 0:00:29]} Be5 {[%emt 0:00:43]} 31. Bxe5 {[%emt 0:00:06]} dxe5 {[%emt 0:00:01]} 32. d6 {[%emt 0:00:22]} f6 {[%emt 0:01:30]} 33. Rc6 {[%emt 0:01:40]} Kf7 {[%emt 0:00:03]} 34. Rxc5 {[%emt 0:00:04]} Ke6 {[%emt 0:00:05]} 35. Ra5 {[%emt 0:00:06]} f5 {[%emt 0:09:44]} 36. Kg2 {[%emt 0:00:17]} fxg4 {[%emt 0:00:29]} 37. Kg3 {[%emt 0:00:07]} Kf5 {[%emt 0:01:05]} 38. Ra4 {[%emt 0:00:03]} Rxd6 {[%emt 0:04:09]} 39. Rxa7 {[%emt 0:00:01]} Rd3+ {[%emt 0:00:01]} 40. Kg2 {[%emt 0:00:00]} Kf6 {[%emt 0:00:00]} 41. Ra6+ {[%emt 0:00:18]} Kf5 {[%emt 0:06:46]} 42. Ra8 {[%emt 0:00:15]} Rf3 {[%emt 0:15:41]} 43. Rf8+ {[%emt 0:00:11]} Ke4 {[%emt 0:00:01]} 44. Rg8 {[%emt 0:00:13]} Rf6 {[%emt 0:00:11]} 45. Kg3 {[%emt 0:00:09]} Kd3 {[%emt 0:02:38]} 46. Ra8 {[%emt 0:00:29]} Rf3+ {[%emt 0:00:21]} 47. Kg2 {[%emt 0:00:04]} e4 {[%emt 0:00:58]} 48. Ra3+ {[%emt 0:00:23]} Ke2 {[%emt 0:00:31]} 49. Ra2+ {[%emt 0:00:03]} Kd3 {[%emt 0:00:04]} 50. Ra3+ {[%emt 0:00:02]} Kd4 {[%emt 0:00:02]} 51. Ra4+ {[%emt 0:00:58]} Ke5 {[%emt 0:00:06]} 52. Ra8 {[%emt 0:00:07]} Kf5 {[%emt 0:03:00]} 53. Rf8+ {[%emt 0:00:07]} Kg5 {[%emt 0:00:01]} 54. Re8 {[%emt 0:00:06]} Kf4 {[%emt 0:01:27]} 55. Rf8+ {[%emt 0:00:05]} Kg5 {[%emt 0:00:02]} 56. Re8 {[%emt 0:00:06]} g3 {[%emt 0:00:11]} 57. fxg3 {[%emt 0:00:36]} Kf5 {[%emt 0:00:03]} 58. Re7 {[%emt 0:00:43]} Ra3 {[%emt 0:00:28]} 59. Rf7+ {[%emt 0:02:32]} Ke5 {[%emt 0:00:09]} 60. Kf2 {[%emt 0:01:26]} Ra2+ {[%emt 0:02:09]} 61. Ke3 {[%emt 0:00:13]} Ra3+ {[%emt 0:00:02]} 62. Kf2 {[%emt 0:00:03]} Ra2+ {[%emt 0:00:24]} 63. Ke3 {[%emt 0:00:05]} Rg2 {[%emt 0:00:03]} 64. Re7+ {[%emt 0:00:08]} Kf5 {[%emt 0:00:11]} 65. Rxe4 {[%emt 0:00:32]} Rxg3+ {[%emt 0:06:56]} 66. Kf2 {[%emt 0:00:01]} Rg4 {[%emt 0:00:04]} 67. Re8 {[%emt 0:00:12]} Rf4+ {[%emt 0:00:20]} 68. Kg3 {[%emt 0:00:06]} Rg4+ {[%emt 0:00:01]} 69. Kf3 {[%emt 0:00:06]} Kg5 {[%emt 0:00:14]} 70. Ra8 {[%emt 0:00:52]} Rf4+ {[%emt 0:00:19]} 71. Kg3 {[%emt 0:00:05]} Rf5 {[%emt 0:00:02]} 72. Ra4 {[%emt 0:00:13]} Rb5 {[%emt 0:00:01]} 73. Rg4+ {[%emt 0:00:15]} Kf5 {[%emt 0:00:02]} 74. Rf4+ {[%emt 0:00:04]} Ke6 {[%emt 0:00:06]} 75. Kg4 {[%emt 0:00:38]} g5 {[%emt 0:00:03]} 76. Ra4 {[%emt 0:00:10]} Rd5 {[%emt 0:00:12]} 77. Ra6+ {[%emt 0:00:04]} Rd6 {[%emt 0:00:01]} 78. Rxd6+ {[%emt 0:00:07]} Kxd6 {[%emt 0:00:04]} 79. Kxg5 {[%emt 0:00:04]} 1/2-1/2

[Event "WYCC 2018 O16"]
[Site "Halkidiki"]
[Date "2018.10.29"]
[Round "10"]
[White "Jakab, Bela"]
[Black "Teclaf, Pawel"]
[Result "0-1"]
[WhiteElo "2285"]
[BlackElo "2384"]
[Annotator "NA"]
[PlyCount "76"]
[EventDate "2018.10.20"]
[EventType "swiss"]
[EventCountry "GRE"]
[SourceTitle "playchess.com"]
[Source "ChessBase"]
[SourceQuality "1"]
[TimeControl "40/5400+30:1800+30"]

1. e4 {[%emt 0:00:00]} e6 {[%emt 0:00:00]} 2. d4 {[%emt 0:00:00]} d5 {[%emt 0:00:00]} 3. Nc3 {[%emt 0:00:00]} Nc6 {[%emt 0:00:00]} 4. e5 {[%emt 0:00:40]} f6 {[%emt 0:00:00]} 5. Nf3 {[%emt 0:03:11]} fxe5 {[%emt 0:00:59]} 6. Nxe5 {[%emt 0:01:42]} Nxe5 {[%emt 0:04:03]} 7. dxe5 {[%emt 0:00:07]} Bd7 {[%emt 0:04:14]} 8. Bd3 {[%emt 0:01:47]} Qh4 {[%emt 0:12:50]} 9. g3 {[%emt 0:22:45]} Qe7 {[%emt 0:06:46]} 10. h4 {[%emt 0:02:43]} Qf7 {[%emt 0:01:35]} 11. Bg5 {[%emt 0:06:30]} Bc5 {[%emt 0:08:11]} 12. Qe2 {[%emt 0:06:08]} Ne7 {[%emt 0:05:52]} 13. Bxe7 {[%emt 0:04:32]} Bxe7 {[%emt 0:07:21]} 14. O-O-O $11 {[%emt 0:01:16]} O-O-O {[%emt 0:03:15]} 15. f4 {[%emt 0:05:33]} Kb8 {[%emt 0:05:47]} 16. h5 {[%emt 0:03:07]} c5 {[%emt 0:03:38]} 17. Qf2 {[%emt 0:06:25]} g5 {[%emt 0:06:33]} 18. hxg6 {[%emt 0:03:35]} hxg6 {[%emt 0:00:04]} 19. Rh2 {[%emt 0:04:13]} g5 {[%emt 0:04:50]} 20. Rdh1 {[%emt 0:03:41]} Rxh2 {[%emt 0:00:12]} 21. Rxh2 {[%emt 0:00:06]} c4 {[%emt 0:01:36]} 22. Rh7 {[%emt 0:01:36]} Qf8 {[%emt 0:00:04]} 23. Bf1 {[%emt 0:08:15]} Bc5 {[%emt 0:00:53]} 24. Qd2 {[%emt 0:02:17]} Qg8 {[%emt 0:01:51]} 25. Rh6 {[%emt 0:00:29]} gxf4 {[%emt 0:06:08]} 26. Qxf4 {[%emt 0:00:27]} Be7 {[%emt 0:00:30]} 27. Rf6 {[%emt 0:01:46]} Ka8 {[%emt 0:00:03]} 28. b3 {[%emt 0:03:52]} cxb3 {[%emt 0:04:21]} 29. axb3 {[%emt 0:00:08]} Rc8 {[%emt 0:01:45]} 30. Bb5 {[%emt 0:01:04]} Qd8 {[%emt 0:01:13]} 31. Bxd7 {[%emt 0:03:24]} Qxd7 {[%emt 0:00:01]} 32. Ne2 {[%emt 0:00:24]} Qc7 {[%emt 0:01:38]} 33. Nd4 {[%emt 0:00:23]} Bxf6 {[%emt 0:01:25]} 34. Qxf6 {[%emt 0:01:28]} Qc3 {[%emt 0:00:10]} 35. Qxe6 {[%emt 0:00:28]} Qa1+ {[%emt 0:00:03]} 36. Kd2 {[%emt 0:00:30]} Qxd4+ {[%emt 0:00:12]} 37. Kc1 {[%emt 0:00:08]} Qa1+ {[%emt 0:00:06]} 38. Kd2 {[%emt 0:00:05]} Qc3+ {[%emt 0:00:02]} 0-1

[Event "WYCC 2018 O16"]
[Site "Halkidiki"]
[Date "2018.10.29"]
[Round "10"]
[White "Stevanic, David"]
[Black "Matviishen, Viktor"]
[Result "0-1"]
[WhiteElo "2281"]
[BlackElo "2476"]
[Annotator "TA"]
[PlyCount "64"]
[EventDate "2018.10.20"]
[EventType "swiss"]
[EventCountry "GRE"]
[SourceTitle "playchess.com"]
[Source "ChessBase"]
[SourceQuality "1"]

{[%evp 20,64,0,-3,-3,0,-6,-78,-24,-112,-116,-132,-23,-220,-214,-225,-214,-195,-156,-158,-156,-197,-200,-205,-204,-431,-416,-1134,-1130,-1656,-1244,-1541,-866,-1270,-1137,-1128,-1111,-1597,-1566,-29969,-29975,-29994,-29994,-29996,-29997,-29997,-29991]} 1. e4 {Postny,E} e5 2. Nf3 Nc6 3. d4 exd4 4. Nxd4 Bc5 5. Nb3 Bb6 6. Nc3 Nf6 7. Qe2 {C45: Scotch Game} a5 {[%cal Ba7a5,Ba5a4,Ba4b3,Bb3a2][%mdl 32]} 8. e5 {[%cal Be4e5,Be5f6][%mdl 32]} O-O 9. exf6 a4 10. Nd5 Re8 11. Be3 {LiveBook: 5 Games} axb3 12. Qg4 $1 {[%csl Gf6][%cal Rg4g7] [#]} g6 13. Be2 $146 (13. Bc4 $1 $11) ({Predecessor:} 13. Bc4 Nb4 14. Nxb4 d5 {½-½ (38) Vachier Lagrave,M (2768)-Carlsen,M (2877) Saint Louis 2014 CBM 162 [Postny,E]}) 13... Rxa2 (13... Bxe3 $17 14. fxe3 Re5) 14. Rxa2 (14. O-O $1 $11 {was the only way to keep the balance.}) 14... bxa2 $17 15. O-O Re5 (15... d6 $17 16. Qa4 Bxe3 17. fxe3 Be6) 16. c4 $2 (16. Nxb6 $11 cxb6 17. Qh4) 16... d6 $19 17. Qh4 Bxe3 18. fxe3 Bf5 $36 {[%mdl 2048] Strongly threatening ...Bb1. White is under strong pressure.} 19. Ra1 {[#]} Bb1 $1 20. Bd1 h5 21. Bb3 Qa8 22. Nc3 $2 (22. Bxa2 Bxa2 23. Qh3) 22... Qa7 23. c5 (23. Qf2 $142 Nb4 24. e4 Qxf2+ 25. Kxf2) 23... Qxc5 24. Qg3 Kf8 25. Kf2 Nb4 {And now ...Nd3+ would win.} 26. Ke2 Bd3+ 27. Kd2 Bc4 28. Bd1 Nd5 29. Bc2 Rxe3 {Black mates.} 30. Qh4 Nxc3 31. bxc3 Re2+ 32. Kc1 Qe3+ {Precision: White = 22%, Black = 65%.} 0-1

[Event "WYCC 2018 O16"]
[Site "Halkidiki"]
[Date "2018.10.29"]
[Round "10"]
[White "Peng, Hongchi"]
[Black "Guerra Rivera, Salvador"]
[Result "0-1"]
[WhiteElo "2273"]
[BlackElo "2340"]
[Annotator "NA"]
[PlyCount "82"]
[EventDate "2018.10.20"]
[EventType "swiss"]
[EventCountry "GRE"]
[SourceTitle "playchess.com"]
[Source "ChessBase"]
[SourceQuality "1"]
[TimeControl "40/5400+30:1800+30"]

1. e4 {[%emt 0:00:00]} c5 {[%emt 0:00:00]} 2. Nf3 {[%emt 0:00:00]} Nc6 {[%emt 0:00:19]} 3. d4 {[%emt 0:00:00]} cxd4 {[%emt 0:00:33]} 4. Nxd4 {[%emt 0:00:00]} g6 {[%emt 0:00:32]} 5. Nc3 {[%emt 0:00:27]} Bg7 {[%emt 0:00:15]} 6. Be3 {[%emt 0:00:04]} Nf6 {[%emt 0:00:26]} 7. Bc4 {[%emt 0:00:05]} O-O {[%emt 0:00:40]} 8. Bb3 {[%emt 0:00:03]} Re8 {[%emt 0:00:24] B35: Sicilian: Accelerated Dragon with 5 Nc3: main line} 9. f3 {[%emt 0:02:03]} d5 {[%emt 0:00:16]} 10. exd5 {[%emt 0:01:37]} Nb4 {[%emt 0:00:12]} 11. Nde2 {[%emt 0:07:49]} e6 {[%emt 0:00:26]} 12. d6 $146 {[%emt 0:00:12]} ({Predecessor:} 12. Bd4 exd5 13. Qd2 Nc6 14. O-O-O Nxd4 15. Nxd4 Bd7 16. g4 {1-0 (33) Navara,D (2740)-Gelfand,B (2703) Batumi 2018}) 12... Nfd5 {[%emt 0:09:40]} 13. Bd4 {[%emt 0:02:53]} Bh6 {[%emt 0:07:23]} 14. a3 {[%emt 0:14:07]} Nc6 {[%emt 0:20:14]} 15. Bxd5 {[%emt 0:10:33]} exd5 {[%emt 0:01:29]} 16. Nxd5 {[%emt 0:00:26]} Nxd4 {[%emt 0:03:39]} (16... Re6 $1 $11) 17. Qxd4 {[%emt 0:00:30]} Bg7 {[%emt 0:01:32]} 18. Qb4 {[%emt 0:10:36]} (18. Ne7+ $16 Rxe7 19. dxe7 Qxe7 20. Qb4) 18... a5 {[%emt 0:02:47]} 19. Qc5 {[%emt 0:14:13]} b6 {[%emt 0:00:46]} 20. Qc6 {[%emt 0:19:27]} Ba6 {[%emt 0:03:44]} 21. Ne7+ {[%emt 0:01:13]} Kh8 $15 {[%emt 0:00:16]} 22. c4 {[%emt 0:01:02]} Bxb2 {[%emt 0:03:45]} 23. Rd1 {[%emt 0:03:14]} Bxa3 {[%emt 0:09:34]} 24. O-O {[%emt 0:00:43]} Bc5+ {[%emt 0:00:59]} 25. Kh1 {[%emt 0:00:09]} Bxd6 {[%emt 0:03:36]} 26. Nf5 {[%emt 0:02:03]} gxf5 {[%emt 0:01:38]} 27. Rxd6 {[%emt 0:00:14]} Qc8 {[%emt 0:01:38]} 28. Qxb6 {[%emt 0:00:58]} Rxe2 {[%emt 0:03:56]} 29. Rfd1 {[%emt 0:02:02]} Qe8 {[%emt 0:03:43]} 30. Qd4+ {[%emt 0:00:04]} Kg8 {[%emt 0:00:10]} 31. Qh4 {[%emt 0:00:02]} Re6 {[%emt 0:02:48]} 32. c5 {[%emt 0:00:14]} Qe7 {[%emt 0:01:50]} 33. Qg3+ {[%emt 0:00:44]} Rg6 {[%emt 0:00:05]} 34. Qf4 {[%emt 0:00:15]} Re8 {[%emt 0:00:31]} 35. h4 {[%emt 0:01:00]} Qe2 {[%emt 0:00:53]} 36. R6d2 {[%emt 0:05:53]} Qe5 {[%emt 0:01:16]} 37. Qa4 {[%emt 0:00:13]} Bb7 {[%emt 0:02:29]} 38. Qb3 {[%emt 0:01:43]} Bc6 {[%emt 0:01:01]} 39. Qc4 {[%emt 0:00:27]} Qg3 {[%emt 0:00:39]} 40. Rf1 {[%emt 0:00:00]} f4 {[%emt 0:00:00]} 41. h5 {[%emt 0:01:27]} Rg5 {[%emt 0:01:00]} 0-1

[Event "WYCC 2018 O16"]
[Site "Halkidiki"]
[Date "2018.10.29"]
[Round "10"]
[White "Mukhutdinov, Tigran"]
[Black "Horvath, Dominik"]
[Result "0-1"]
[WhiteElo "2256"]
[BlackElo "2447"]
[Annotator "TA"]
[PlyCount "100"]
[EventDate "2018.10.20"]
[EventType "swiss"]
[EventCountry "GRE"]
[SourceTitle "playchess.com"]
[Source "ChessBase"]
[SourceQuality "1"]

{[%evp 27,100,0,0,0,14,0,0,-12,22,23,35,29,36,-13,-13,-8,0,-11,0,0,-8,-10,27,20,51,47,52,0,0,0,0,0,0,0,46,0,0,-108,-113,-121,-120,-124,-122,-143,-143,-143,-150,-154,-154,-139,-148,-154,-154,-158,-146,-154,-146,-166,-172,-29960,-29968,-29966,-29967,-29965,-29964,-29964,-29963,-29963,-29964,-29964,-29965,-29965,-29965,-29997,-29998]} 1. e4 e5 2. Nf3 Nc6 3. Bb5 a6 4. Ba4 Nf6 5. O-O Be7 6. d3 b5 7. Bb3 d6 8. a3 O-O 9. Nc3 Bg4 10. Be3 Nd4 {C84: Spanische Partie (Mittelgambit)} 11. Bxd4 exd4 12. Nd5 Nd7 (12... Nxd5 13. Bxd5 Rc8 14. a4 c6 15. Bb3 d5 16. h3 Bh5 17. axb5 axb5 18. exd5 {1-0 (47) Karjakin,S (2782)-Aronian,L (2764) Paris 2018}) 13. h3 Bxf3 14. Nxe7+ Qxe7 {LiveBook: 6 Partien} 15. Qxf3 a5 16. Qg3 a4 17. Bd5 Rab8 18. f4 {[#]} Nf6 $146 19. Ba2 b4 20. Bc4 bxa3 21. bxa3 d5 22. exd5 Rfe8 23. Qf2 Qc5 24. c3 Re3 25. cxd4 Qxd4 26. Rae1 $1 {[%cal Re1e3]} Rbe8 27. Rxe3 ({Günstiger ist} 27. Kh2 $14) 27... Rxe3 $11 28. Kh1 {Und weiter mit Dg1 wäre nett.} Qc5 29. Qb2 h6 30. Qb4 Qd4 31. Re1 ({Lieber nicht} 31. Qxa4 Nh5 $17) 31... Nh5 32. d6 {[#]} (32. Rxe3 $1 $11 Qxe3 33. Qb8+ Kh7 34. Qb1) 32... Ng3+ $1 $17 33. Kh2 {jetzt Db8+ und aus.} Qxf4 {( -> ...Se2+)} 34. Bxf7+ Qxf7 35. dxc7 ({Aber nicht} 35. Qb8+ $2 Kh7 $19) 35... Qxc7 36. Rxe3 {[%mdl 4096] Endspiel KDT-KDS} Nf1+ 37. Kg1 Nxe3 38. Qxa4 {De8+ ist eine echte Drohung.} Qc1+ 39. Kh2 Nf1+ 40. Kg1 Ng3+ 41. Kh2 Qe1 42. Qa8+ Kh7 43. a4 $2 {[#]} (43. Qa4 $19) 43... h5 {Schwarz setzt Matt.} 44. h4 Nf1+ 45. Kg1 Ne3+ 46. Kh2 Qxh4+ 47. Kg1 Qe1+ 48. Kh2 Ng4+ 49. Kh3 Nf2+ 50. Kh4 Ne4+ {Precision: Weiß = 46%, Schwarz = 62%.} 0-1